Statistiques concernant Année d'entrée dans les Etats-Unis des états fédérés

Cliquez ici pour prendre le quiz!

Statistiques générales

  • Ce quiz a été pris 4 fois
  • Le résultat moyen est 4 sur 50

Statistiques - réponses

HintRéponse% Correct
Hawaï50e / 1959
75%
Delaware01er / 1787
50%
Pennsylvanie02e / 1787
50%
New Jersey03e / 1787
50%
Alaska49e /1959
50%
Connecticut05e / 1788
25%
Dakota-du-Nord39e ex-aequo / 1889
25%
Utah45e / 1896
25%
Géorgie04e / 1788
0%
Massachusetts06e / 1788
0%
Maryland07e / 1788
0%
Caroline-du-Sud08e / 1788
0%
New Hampshire09e / 1788
0%
Virginie10e / 1788
0%
New York11e / 1788
0%
Caroline-du-Nord12e / 1789
0%
Rhode Island13e / 1790
0%
Vermont14e / 1791
0%
Kentucky15e / 1792
0%
Tennessee16e / 1796
0%
Ohio17e / 1803
0%
Louisiane18e / 1812
0%
Indiana19e / 1816
0%
Mississippi20e / 1817
0%
Illinois21e / 1818
0%
Alabama22e / 1819
0%
Maine23e / 1850
0%
Missouri24e / 1821
0%
Arkansas25e / 1836
0%
Michigan26e / 1837
0%
Floride27e / 1845
0%
Texas28e / 1845
0%
Iowa29e / 1846
0%
Wisconsin30e / 1848
0%
Californie31e / 1850
0%
Minnesota32e / 1858
0%
Oregon33e / 1859
0%
Kansas34e / 1861
0%
Virginie-Occidentale35e / 1863
0%
Nevada36e / 1864
0%
Nebraska37e / 1867
0%
Colorado38e / 1876
0%
Dakota-du-Sud39e ex-aequo / 1889
0%
Montana41e / 1889
0%
Washington42e / 1889
0%
Idaho43e / 1890
0%
Wyoming44e / 1890
0%
Oklahoma46e / 1907
0%
Nouveau-Mexique47e / 1912
0%
Arizona48e / 1912
0%

Distribution des résultats

Percentile par nombre de réponses

% des personnes avec chaque résultat

Votre développement - résultats

Vous n’avez pas pris ce quiz